| 000 | 00596cam a2200181 a 4500 | ||
|---|---|---|---|
| 001 | 51362 | ||
| 005 | 20240216035745.0 | ||
| 008 | 930625s1993 ii b 001 0 eng | ||
| 020 | _a8122003036 : | ||
| 040 |
_aDLC _cDLC _dDLC |
||
| 082 | 0 | 0 |
_a320.495. _221 _bSRI. |
| 245 | 0 | 0 |
_aSri Lanka, problems of governance / _cedited by K.M. de Silva. |
| 260 |
_aDelhi, India : _bKonark Publishers, _c1993. |
||
| 300 | _axvi, 425 p. ; | ||
| 500 | _a"Under the auspices of Centre for Policy Research, New Delhi, and International Centre for Ethnic Studies, Sri Lanka." | ||
| 700 | 1 | _aDe Silva, K. M. | |
| 942 | _cL | ||
| 999 |
_c413 _d413 |
||